000 00954nas a2200265 4500
001 BR8500551
003 BR-BrBNA
005 20231205090107.0
007 ta
008 230509b bl.|||p| |||| 00| 00por d
040 _aBR-BrBNA
_bpor
_cBiblioteca Nacional de Agricultura
041 _a(Pt)
072 _aP05
100 1 _aFigueiredo, I.B. de
100 1 _aTeixeira, C.G.
100 1 _aPapini, R.S.
245 1 _aCaracteristicas agronomicas e uso do sorgo sacarino da cultivar BR 501 na producao de alcool etilico
246 1 _aAgronomic characteristics and use of sweet sorghum cultivar BR 501 in the production of ethylic alcohol
650 _aETANOL
650 _aSORGO ACUCAREIRO
650 _aPRODUTIVIDADE
773 0 _tBoletim da Sociedade Brasileira de Ciencia e Tecnologia de Alimentos (Brazil)
_xISSN 0101-3637
_g(Jul-Sep 1984), v. 18(3) p. 195-205
_wBR8500551
909 _a202311
_bLúcia
_c55
_dLúcia Elande
942 _2AGRIS
_n0
_cANA
999 _c116112
_d116112